000 01224cam a22002055a 4500
001 L159285
008 160504s2016 xxk f 000 0 eng d
035 _a(Sirsi) u159285
041 0 _aeng
110 2 _aCabinet Office
_91071
245 0 0 _aGovernment Construction Strategy: 2016-2020
_h[electronic resource]
260 _bInfrastructure and Projects Authority
_c2016
300 _aPDF
520 _aThe Government Construction Strategy sets out a new plan to increase productivity in government construction to deliver £1.7 billion efficiencies and support 20,000 apprenticeships over the course of this parliament. The strategy sets out ambitions for smarter procurement, fairer payment, improving digital skills, reducing carbon emissions, and increasing client capability. These themes are consistent with the wider ambitions for industry in Construction 2025, which is being delivered by industry and government through the Construction Leadership Council.
590 _aKA
651 4 _aENGLAND AND WALES
710 1 _aInfrastructure and Projects Authority
856 4 0 _uhttps://www.gov.uk/government/publications/government-construction-strategy-2016-2020
_zPaper available free on www.gov.uk
942 _n0
999 _c115781
_d115781